00419nam a2200157Ia 4500020001800000082001800018245003900036260003700075300001400112504001900126650003500145650002200180700002100202700001900223700001900242 a9780824333126 aRR 320.5 ANN- 0aAnnual review of political science aCaliforniabAnnual Reviewsc2009 aviii, 516 aincludes index aPolitical sciencevPeriodicals aPolitical science aRosenblum, Nancy aJackman, Simon aLevi, Margaret